Fifth General Assembly and Symposium ( Sept 8 - 15 1985)

Bibliographic Details
Format: Book

MARC

LEADER 00000cam a2200000 7i4500
001 0000006225
005 20110723.0
040 |a INS 
090 0 0 |a S18 
245 0 0 |a Fifth General Assembly and Symposium ( Sept 8 - 15 1985) 
999 |a S000000031   |b BOOK   |c Seminar   |e Default branch